[Event "St Petersburg-ch Seniors"]
[Site "St Petersburg"]
[Date "2022.09.30"]
[Round "7"]
[White "Lisenko, Alexander V"]
[Black "Berlin, Grigoriy"]
[Result "1-0"]
[WhiteElo "2307"]
[BlackElo "2186"]
[PlyCount "81"]
[EventDate "2022.09.24"]
[EventType "swiss"]
[EventRounds "9"]
[EventCountry "RUS"]
[SourceTitle "CBM 210 Extra"]
[Source "ChessBase"]
[SourceDate "2022.11.30"]
[SourceVersion "1"]
[SourceVersionDate "2022.11.30"]
[SourceQuality "1"]

1. c4 e5 2. Nf3 Nc6 3. d4 exd4 4. Nxd4 Bb4+ 5. Bd2 Bxd2+ 6. Qxd2 Nxd4 7. Qxd4 Qf6 8. Qd2 Ne7 9. Nc3 0-0 10. g3 a6 11. Bg2 d6 12. 0-0 Rb8 13. Rac1 Nc6 14. Nd5 Qd8 15. Rc3 Re8 16. e4 Ne5 17. f4 Nd7 18. Qd4 Nc5 19. Re3 Ne6 20. Qd2 c6 21. Nc3 c5 22. Ne2 b5 23. cxb5 Rxb5 24. b3 Rb4 25. Rd3 Bb7 26. Rxd6 Qb8 27. e5 Bxg2 28. Kxg2 c4 29. f5 Nf8 30. f6 Rxe5 31. Rf2 Re8 32. fxg7 Ne6 33. Rd7 cxb3 34. axb3 Rxb3 35. Nd4 Qa8+ 36. Kh3 Rb6 37. Nf5 Qe4 38. Rxf7 Nd4 39. Rf8+ Rxf8 40. gxf8Q+ Kxf8 41. Nd6+ 1-0

[Event "St Petersburg-ch Seniors"]
[Site "St Petersburg"]
[Date "2022.09.28"]
[Round "5"]
[White "Berlin, Grigoriy"]
[Black "Pushkov, Nikolai"]
[Result "1/2-1/2"]
[WhiteElo "2186"]
[BlackElo "2206"]
[PlyCount "155"]
[EventDate "2022.09.24"]
[EventType "swiss"]
[EventRounds "9"]
[EventCountry "RUS"]
[SourceTitle "CBM 210 Extra"]
[Source "ChessBase"]
[SourceDate "2022.11.30"]
[SourceVersion "1"]
[SourceVersionDate "2022.11.30"]
[SourceQuality "1"]

1. d4 Nf6 2. Bf4 e6 3. e3 b6 4. Nf3 Bb7 5. Nbd2 Be7 6. h3 c5 7. c3 0-0 8. Bd3 d5 9. 0-0 Nbd7 10. Bh2 Ne4 11. Ne5 Nxd2 12. Qxd2 Nxe5 13. Bxe5 Bd6 14. f4 f6 15. Bxd6 Qxd6 16. Qc2 h6 17. Rad1 e5 18. Bh7+ Kh8 19. Bf5 Rad8 20. Qe2 Bc8 21. Qg4 Bxf5 22. Qxf5 Rfe8 23. fxe5 fxe5 24. Qh5 exd4 25. exd4 Re4 26. dxc5 Qxc5+ 27. Kh1 d4 28. Qg6 Qe5 29. cxd4 Rexd4 30. Rde1 Qd6 31. Re6 Qc5 32. Rfe1 Rg8 33. R6e5 Rd5 34. Re8 Rd8 35. R8e6 Rd2 36. a3 Rxb2 37. Re8 Rf2 38. Rxg8+ Kxg8 39. Re8+ Rf8 40. Qe6+ Kh8 41. Re7 a5 42. a4 Qc1+ 43. Kh2 Qf4+ 44. Kg1 Qd4+ 45. Kh2 Qxa4 46. Qxb6 Qf4+ 47. Kg1 a4 48. Qa7 Rc8 49. Re1 Rc1 50. Rxc1 Qxc1+ 51. Kh2 Qf4+ 52. Kg1 Qc4 53. Qe7 Kh7 54. Qf8 Qd3 55. Qa8 a3 56. Kh2 h5 57. Qa4 Qe3 58. Qa5 Kh6 59. Qa8 Kg6 60. Qa6+ Kh7 61. Qa4 g6 62. Qd7+ Kh6 63. Qa4 Qe7 64. Qa8 h4 65. Qh8+ Kg5 66. Qa8 Kf5 67. Qf3+ Ke6 68. Qe4+ Kf7 69. Qf3+ Kg7 70. Qc3+ Kh7 71. Qa5 Qe3 72. Qa4 g5 73. Qd7+ Kg6 74. Qc6+ Kf5 75. Qd7+ Ke5 76. Qe7+ Kd4 77. Qa7+ Ke4 78. Qe7+ 1/2-1/2

[Event "St Petersburg-ch Seniors"]
[Site "St Petersburg"]
[Date "2022.09.26"]
[Round "3"]
[White "Berlin, Grigoriy"]
[Black "Kornilov, Anatoly Aleksandrov"]
[Result "1-0"]
[WhiteElo "2186"]
[BlackElo "2094"]
[PlyCount "79"]
[EventDate "2022.09.24"]
[EventType "swiss"]
[EventRounds "9"]
[EventCountry "RUS"]
[SourceTitle "CBM 210 Extra"]
[Source "ChessBase"]
[SourceDate "2022.11.30"]
[SourceVersion "1"]
[SourceVersionDate "2022.11.30"]
[SourceQuality "1"]

1. d4 Nf6 2. Nf3 g6 3. Bf4 Bg7 4. h3 0-0 5. e3 d6 6. Be2 Nbd7 7. c4 Re8 8. 0-0 e6 9. Nc3 a6 10. Bh2 Qe7 11. Re1 b6 12. a4 a5 13. Nb5 Nb8 14. c5 Rd8 15. cxb6 cxb6 16. Rc1 Na6 17. Rc6 Ne8 18. Rxb6 Nb4 19. Nd2 Bb7 20. Bf3 Nd5 21. Bxd5 Bxd5 22. Nc3 Nc7 23. Nde4 e5 24. Nxd5 Nxd5 25. Rb5 Nb4 26. Nc3 Rdc8 27. dxe5 dxe5 28. Nd5 Nxd5 29. Qxd5 Rab8 30. Rd1 Rxb5 31. Qxb5 Qb4 32. g4 f6 33. Qd5+ Kh8 34. g5 Qxb2 35. gxf6 Bxf6 36. Qf7 Bg7 37. Bg3 Qc2 38. Rd7 Rg8 39. Qxg7+ Rxg7 40. Rd8+ 1-0

[Event "St Petersburg-ch Seniors"]
[Site "St Petersburg"]
[Date "2022.09.25"]
[Round "2"]
[White "Ionov, Sergey"]
[Black "Berlin, Grigoriy"]
[Result "1-0"]
[WhiteElo "2513"]
[BlackElo "2186"]
[PlyCount "65"]
[EventDate "2022.09.24"]
[EventType "swiss"]
[EventRounds "9"]
[EventCountry "RUS"]
[SourceTitle "CBM 210 Extra"]
[Source "ChessBase"]
[SourceDate "2022.11.30"]
[SourceVersion "1"]
[SourceVersionDate "2022.11.30"]
[SourceQuality "1"]

1. e4 e6 2. d4 d5 3. Nd2 Nf6 4. e5 Nfd7 5. Bd3 c5 6. c3 Nc6 7. Ne2 cxd4 8. cxd4 f6 9. exf6 Qxf6 10. 0-0 Bd6 11. Nf3 h6 12. Ng3 0-0 13. Bc2 Rd8 14. Re1 Nf8 15. Nh5 Qf7 16. Ne5 Nxe5 17. dxe5 Bc5 18. Be3 d4 19. Bxh6 d3 20. Be3 dxc2 21. Qxd8 b6 22. Bxc5 bxc5 23. Ng3 Bb7 24. Qd2 Ng6 25. Qxc2 Nf4 26. f3 Rc8 27. b3 Bd5 28. Qd2 Rf8 29. Rac1 Qe7 30. Rc3 Ng6 31. Qe3 Nh4 32. Qxc5 Qb7 33. Ne4 1-0